000 00647nam a2200277Ia 4500
005 20260324121644.0
008 008 260324s9999 xx 000 0 eng d
020 _a9781315722146
037 _aEBOOK
040 _aCRL
040 _beng
040 _cCRL
041 _2eng
041 _aeng
084 _qCRL
100 _aThomas Barker
_91163354
245 0 _aBiker Gangs and Transnational Organized Crime
260 _bTaylor and Francis
260 _c2014
365 _a
365 _b290
856 _uhttp://www.taylorfrancis.com/books/9781315722146
942 _cEBOOK
999 _c1755602
_d1755602